The lease code one year on (Record no. 80432)

MARC details
000 -LEADER
fixed length control field 01140cab a22002295a 4500
001 - CONTROL NUMBER
control field L144343
008 - FIXED-LENGTH DATA ELEMENTS--GENERAL INFORMATION
fixed length control field 080714s2008 xxk f v 000 0 eng d
035 ## - SYSTEM CONTROL NUMBER
System control number (Sirsi) u144343
041 0# - LANGUAGE CODE
Language code of text/sound track or separate title eng
100 1# - MAIN ENTRY--PERSONAL NAME
Personal name Newstead, Jackie
245 04 - TITLE STATEMENT
Title The lease code one year on
260 ## - PUBLICATION, DISTRIBUTION, ETC.
Date of publication, distribution, etc. 2008
490 #0 - SERIES STATEMENT
Series statement Lovells Real Estate Quarterly
Volume/sequential designation Summer 2008, 1-2(2)
520 ## - SUMMARY, ETC.
Summary, etc. Provides an overview of how the third edition of the Lease Code has worked out in practice one year after its introduction. Discusses some of the concerns in the market where there has been a mixed response to the code. Covers: lease negotiations; rent deposits and guarantees; rent review; assignment and subletting; service charges; insurance; ongoing management. Concludes that the threat of regulation has passed but that the property sector would be wise not to marginalise the code.
590 ## - LOCAL NOTE (RLIN)
Local note KA
650 24 - SUBJECT ADDED ENTRY--TOPICAL TERM
Topical term or geographic name entry element RICS 2006 CODE OF PRACTICE
650 24 - SUBJECT ADDED ENTRY--TOPICAL TERM
Topical term or geographic name entry element CODE FOR LEASING BUSINESS PREMISES IN ENGLAND AND WALES 2007
651 #4 - SUBJECT ADDED ENTRY--GEOGRAPHIC NAME
Geographic name England and Wales
Chronological subdivision 1543-
690 ## - LOCAL SUBJECT ADDED ENTRY--TOPICAL TERM (OCLC, RLIN)
Topical term or geographic name as entry element LANDLORD AND TENANT-RESIDENTIAL TENANCIES
700 1# - ADDED ENTRY--PERSONAL NAME
Personal name Panambalana, Dion
942 ## - ADDED ENTRY ELEMENTS (KOHA)
Suppress in OPAC 0
Holdings
Withdrawn status Lost status Source of classification or shelving scheme Damaged status Not for loan Home library Current library Shelving location Date acquired Total Checkouts Full call number Barcode Date last seen Copy number Price effective from Koha item type
    Dewey Decimal Classification     London London Journal article 14/07/2008   L144343 144343-1001 06/08/2019 1 06/08/2019 Journal article